000 00202nam a2200085 4500
001 1255685
005 20251211130016.0
245 _aROBONLAR BİR HAYAL OPERASYONU 2
_cMERT ARIK
260 _bTİMAŞ YAYINLARI
999 _c1255685
_d1255685